000 00215 a2200097 4500
020 _a9781804270103
100 _aCarlos Manuel Alvarez
245 _aThe fallen
260 _bFitzcarraldo Editions
_c2022
942 _cOO
999 _c116103
_d116102